000
00307nam a22001337a 4500
008
170920b xxu||||| |||| 00| 0 eng d
020
_a
9780023019753
041
_a
eng
080
_2
6 ED
_a
7
100
_a
45
101
_a
ART
245
_a
MASTERPIECES OF THE DRAMA
_c
ALLISON.A..W
942
_2
udc
_c
BK
999
_c
28476
_d
28476